NLSUI OPAC header image

A commentary on the Paris Principles on national human rights institutions / (Record no. 112872)

MARC details
000 -LEADER
fixed length control field 01737cam a2200349 i 4500
001 - CONTROL NUMBER
control field 18737244
003 - CONTROL NUMBER IDENTIFIER
control field OSt
005 - DATE AND TIME OF LATEST TRANSACTION
control field 20260218052715.0
008 - FIXED-LENGTH DATA ELEMENTS--GENERAL INFORMATION
fixed length control field 150810s2015 enk b 001 0 eng c
010 ## - LIBRARY OF CONGRESS CONTROL NUMBER
LC control number 2015295598
015 ## - NATIONAL BIBLIOGRAPHY NUMBER
National bibliography number GBB499570
Source bnb
015 ## - NATIONAL BIBLIOGRAPHY NUMBER
National bibliography number GBB4A2648
Source bnb
020 ## - INTERNATIONAL STANDARD BOOK NUMBER
International Standard Book Number 9781107035737
020 ## - INTERNATIONAL STANDARD BOOK NUMBER
International Standard Book Number 9781316633496
035 ## - SYSTEM CONTROL NUMBER
System control number (OCoLC)ocn898360022
040 ## - CATALOGING SOURCE
Original cataloging agency NLGGC
Language of cataloging eng
Transcribing agency NLGGC
Description conventions rda
Modifying agency YDXCP
-- OCLCO
-- GUL
-- GWL
-- BTCTA
-- UKMGB
-- ERASA
-- CDX
-- CUD
-- OCLCQ
-- GUB
-- OCLCF
-- OCL
-- DLC
042 ## - AUTHENTICATION CODE
Authentication code pcc
082 ## - DEWEY DECIMAL CLASSIFICATION NUMBER
Classification number 341.48 BEC
100 1# - MAIN ENTRY--PERSONAL NAME
Personal name De Beco, Gauthier
245 12 - TITLE STATEMENT
Title A commentary on the Paris Principles on national human rights institutions /
Statement of responsibility, etc. Gauthier De Beco and Rachel Murray
264 #1 - PRODUCTION, PUBLICATION, DISTRIBUTION, MANUFACTURE, AND COPYRIGHT NOTICE
Place of production, publication, distribution, manufacture Cambridge :
Name of producer, publisher, distributor, manufacturer Cambridge University Press,
Date of production, publication, distribution, manufacture, or copyright notice 2015.
300 ## - PHYSICAL DESCRIPTION
Extent x, 202 p. ;
Dimensions 24 cm
505 0# - FORMATTED CONTENTS NOTE
Formatted contents note Part 1. Background: History and Challenges. Introduction, history and context; Challenges:<br/>Part 2. Commentary Principle by Principle. Competence; Mandate; Pluralism and representativeness; Independence; Working methods and strategy; Quasi-judicial powers; Stakeholders;<br/>Part 3. 20 Years Later: Future of the Paris Principles. An evaluation of the Paris Principles;<br/>Annex I. The Paris Principles;<br/>Annex II. ICC general observations.<br/>
610 20 - SUBJECT ADDED ENTRY--CORPORATE NAME
Corporate name or jurisdiction name as entry element United Nations.
Subordinate unit General Assembly.
Title of a work Principles relating to the status of national institutions.
650 #0 - SUBJECT ADDED ENTRY--TOPICAL TERM
Topical term or geographic name entry element National human rights institutions.
650 #0 - SUBJECT ADDED ENTRY--TOPICAL TERM
Topical term or geographic name entry element International law and human rights.
700 1# - ADDED ENTRY--PERSONAL NAME
Personal name Murray, Rachel
856 41 - ELECTRONIC LOCATION AND ACCESS
Materials specified Table of contents
Uniform Resource Identifier <a href="http://www.loc.gov/catdir/enhancements/fy1602/2015295598-t.html">http://www.loc.gov/catdir/enhancements/fy1602/2015295598-t.html</a>
906 ## - LOCAL DATA ELEMENT F, LDF (RLIN)
a 7
b cbc
c pccadap
d 2
e ncip
f 20
g y-gencatlg
942 ## - ADDED ENTRY ELEMENTS (KOHA)
Source of classification or shelving scheme Dewey Decimal Classification
Koha item type BOOKs
Holdings
Withdrawn status Lost status Source of classification or shelving scheme Materials specified (bound volume or other part) Damaged status Not for loan Home library Current library Shelving location Date acquired Source of acquisition Coded location qualifier Total Checkouts Full call number Barcode Date last seen Price effective from Koha item type
    Dewey Decimal Classification HB     . . General Stacks 08.03.2018 Purchased MPPSECTION   341.48 BEC 36014 08.03.2019 08.03.2019 BOOKs